| 000 | 00413nas a2200133 a 4500 | ||
|---|---|---|---|
| 008 | 100122c20039999||||||||||||||||| || u | ||
| 050 | _aZAM PER BOZ(05)ZAMBA | ||
| 110 | _aBank Of Zambia (BOZ) | ||
| 245 | 1 | 0 |
_aZambanker _cA Bank of Zambia Journal |
| 260 |
_aLusaka _bBOZ _c2003 |
||
| 350 | _a0.00 | ||
| 362 | 1 | _aDecember 2003; August 2004; September 2004; March 2009; June 2009 | |
| 650 | _aBANKS AND BANKING--ZAMBIA | ||
| 999 |
_c62325 _d62325 |
||